00760nam a2200181Ia 4500008004100000020001500041041001200056082001600068100001700084245004000101260003500141300000800176650001900184942000700203999001500210952016000225952019300385221030s9999 xx 000 0 und d a8124101639 aEnglish a105.23bMit aP. K. Mittal 0aText Book of Differential Equations bHar Anand PubaNew Delhic1995 a374 aBE Mathematics cBK c1874d1874 pBE 416g130.00l0o105.23 Mitr2024-06-13 00:00:00w2022-10-30yBK003Print4071aMIETLIBbMIETLIBcBL-Second, FL-1, CUP-17, SH-3, R-3d1999-11-1710HBE pBE 417g495.00l1o105.23 Mitq2026-06-28r2026-03-30 10:26:32s2026-03-30w2022-10-30yBK003Print4070aMIETLIBbMIETLIBcBL-Academic Block C, FL-2, CUP-6, SH-3, R-3d1999-11-1710HBE